000 00375nab a22001097u 4500
008 130520b2008 xxu||||| |||| 00| 0 spa d
041 _aspa
100 1 _aÁlvarez de los Mozos, Patxi
_970697
245 0 0 _aAtravesar el desierto en las etapas de la vida
_cPatxi Álvarez De Los Mozos
773 0 _tSal Terrae
_gV.96, nº1128,2008,págs. 839-852
_x0211-4569
_wRev410
942 _cAR
999 _c408255
_d408255